The Warning Songs Quiz - Statistics

General Stats
  • This quiz has been taken 807 times
    437 since last reset
  • The average score is 40 of 59
Answer Stats
Album Song % Correct
ERROR ERROR
90%
Keep Me Fed Automatic Sun
85%
Keep Me Fed Sharks
85%
Queen of the Murder Scene Queen of the Murder Scene
84%
Keep Me Fed S!CK
83%
Keep Me Fed MORE
82%
Keep Me Fed Six Feet Deep
82%
Keep Me Fed Qué Más Quieres
81%
Keep Me Fed Consume
80%
ERROR DISCIPLE
80%
Queen of the Murder Scene Dust to Dust
80%
ERROR MONEY
80%
XXI Century Blood XXI Century Blood
80%
ERROR CHOKE
79%
ERROR EVOLVE
79%
ERROR MARTIRIO
79%
Queen of the Murder Scene Dull Knives (Cut Better)
78%
ERROR 23
77%
ERROR AMOUR
77%
Keep Me Fed Hell You Call A Dream
77%
Non-Album Singles Narcisista
76%
Keep Me Fed Apologize
75%
ERROR Breathe - Bonus Track
75%
XXI Century Blood Survive
75%
ERROR Z
75%
Keep Me Fed Escapism
74%
Keep Me Fed Burnout
73%
Keep Me Fed Satisfied
72%
ERROR ANIMOSITY
71%
Queen of the Murder Scene Crimson Queen
71%
Escape the Mind Escape the Mind
71%
Queen of the Murder Scene Hunter
71%
Queen of the Murder Scene The One
70%
Queen of the Murder Scene The End (Stars Always Seem to Fade)
68%
Queen of the Murder Scene Ugh
68%
XXI Century Blood Black Holes (Don't Hold On)
66%
Queen of the Murder Scene Stalker
66%
ERROR KOOL AID KIDS
65%
ERROR REVENANT
64%
ERROR Intro 404
63%
Queen of the Murder Scene P.S.Y.C.H.O.T.I.C.
63%
Queen of the Murder Scene Red Hands Never Fade
63%
Non-Album Singles Enter Sandman
60%
Escape the Mind Free Falling
60%
Queen of the Murder Scene Sinister Smiles
60%
XXI Century Blood When I'm Alone
60%
XXI Century Blood Copper Bullets
55%
Queen of the Murder Scene The Sacrifice
55%
XXI Century Blood Wildfire
50%
XXI Century Blood River's Soul - Live Session
49%
XXI Century Blood Shattered Heart
48%
XXI Century Blood Show Me the Light
48%
XXI Century Blood Unmendable
48%
XXI Century Blood Exterminated - Live Session
47%
XXI Century Blood Runaway
45%
Escape the Mind Eternal Love
44%
Escape the Mind Take Me Down
44%
XXI Century Blood Our Mistakes
43%
Escape the Mind Fade Away
38%
No matching quizzes found
Score Distribution
Percent of People with Each Score
Percentile by Number Answered
Your Score History
You have not taken this quiz since the last reset